000 00263nam a22001217a 4500
008 181218b xxu||||| |||| 00| 0 eng d
041 _aeng
080 _a159.9
100 _a48
101 _aPSI
245 _aSeries in Psychology
_cHarlow,H.F
942 _2udc
_cBK
999 _c53356
_d53356